000 00841nam a2200265Ia 4500
005 20220316235553.0
008 121119s1999 sp jr 000 0 spa
020 _a8423649172
041 0 _aspa
100 1 _aRock, Louis
245 1 3 _aLa gran noticia
_cLois Rock ; ilustrado por Louise Rawlings
250 _aPrimera edición
300 _a[22] páginas
_bilustraciones
_c21 cm
650 1 4 _aOración
_vLiteratura juvenil
_2LEMB
650 1 4 _aDevocionarios
_vLiteratura juvenil
_2LEMB
650 1 4 _aMeditaciones
_vLiteratura juvenil
_2LEMB
700 1 _aRawlings, Louise
_eilustrador
_938998
942 _2loc
_cBK
264 _aBarcelona
_bEdebé
_c1999
336 _atexto
_btxt
_2rdacontent
337 _asin mediación
_bn
_2rdamedia
338 _avolumen
_bnc
_2rdacarrier
040 _aCO-BoRNBP
_bspa
_erda
_cCO-BoRNBP
084 _aC ROC3
999 _c1399
_d1399